00552nam a2200181Ia 4500020002100000082001700021245007100038260002800109300001500137504002600152650002100178650002100199650002200220650001700242650001800259650004600277710004700323 a657a978184971371 a304.25 UNI-C 0aCities and climate change: global report on human settlements 2011 aLondonbEarthscanc2011 axviii, 279 aincludes bibliography aCities and towns aClimatic changes aUrban climatology aUrbanization aGlobalization aUnited Nation Human Settlements Programme aUnited Nations Human Settlements Programme